WW1 Flags Quiz - Statistics

General Stats
  • This quiz has been taken 59 times
  • The average score is 7 of 10
Answer Stats
Picture Answer % Correct
France
100%
United States of America
81%
Kingdom of Italy
79%
Bulgaria
77%
Austria-Hungary
75%
Ottoman Empire
71%
German Empire
65%
Japanese Empire
65%
Russian Empire
63%
British Empire
60%
No matching quizzes found
Score Distribution
Percent of People with Each Score
Percentile by Number Answered
Your Score History
You have not taken this quiz